00844 a2200241 45000010006000000050017000060080041000230030015000640400040000790800087001192450036002060200018002422640032002603000019002925050132003110410008004431000024004517000026004757000029005017000023005307000021005537000028005743842320260407155647.0260407a1983 arg spa dAR-UNSa-BCEJYS aAR-UNSa-BCEJYSbspacAR-UNSa-BCEJYS a657.31xPresupuestos. Previsiones. Planes financieros. Estado de flujo de efectivo10aAnálisis y control financiero a950-9109-22-3 1aBuenos Aires :bTesisc1983 a204 p.c22 cm. a1. Costos para el análisis financiero - 2. Análisis a través de indices - 3. Estado de origen y aplicación de fondos -  aspa1 aRosenzvaig, Alfredo1 aRebollo, Joaquín M.1 aCousido, Pablo Guillermo1 aPassaro, Daniel A.1 aSchvimer, Daniel1 aLópez Bayona, Marcelo